Music Quiz

Random Music or Album Quiz

Artists' Bestselling Albums 2 Quiz Stats

 Plays Quiz not verified by Sporcle

Also try: Rock and 'Rolls'
Challenge
Share
Tweet
Embed
Score 0/20 Timer 10:00
0 Plays Today
Artist/Year Album % Correct
Meatloaf/1977Bat out of Hell
71.2%
Pearl Jam/1991Ten
69.6%
Led Zeppelin/1971Led Zeppelin IV
60%
Madonna/1984Like a Virgin
60%
Bon Jovi/1986Slippery When Wet
56.8%
Outkast/2003Speakerboxx
54.4%
The Bee Gees/1977Saturday Night Fever
47.2%
Linkin Park/2000Hybrid Theory
44.8%
No Doubt/1995Tragic Kingdom
42.4%
Moby/1999Play
40.8%
Artist/Year Album % Correct
Aerosmith/1975Toys in the Attic
33.6%
The Dixie Chicks/1998Wide Open Spaces
30.4%
Norah Jones/2002Come Away With Me
28.8%
Garth Brooks/1990No Fences
25.6%
Alicia Keys/2001Songs in A Minor
24.8%
Lionel Richie/1983Can't Slow Down
18.4%
Sheryl Crow/1993Tuesday Night Music Club
18.4%
Kenny G/1992Breathless
11.2%
Toni Braxton/1993Toni Braxton
10.4%
Carly Simon/1972No Secrets
1.6%

You're not logged in!

Compare scores with friends on all Sporcle quizzes.
Join for Free
OR
Log In

You Might Also Like...

Show Comments

Extras

Top Quizzes Today


Score Distribution

Your Account Isn't Verified!

In order to create a playlist on Sporcle, you need to verify the email address you used during registration. Go to your Sporcle Settings to finish the process.

Report this User

Report this user for behavior that violates our Community Guidelines.

Details: